Research on South American Leaf blight (Microcyclus ulei) of rubber in Brazil (Record no. 66801)

MARC details
000 -LEADER
fixed length control field 00888nam a2200181Ia 4500
100 ## - MAIN ENTRY--AUTHOR NAME
Personal name Gasparotto L
245 #0 - TITLE STATEMENT
Title Research on South American Leaf blight (Microcyclus ulei) of rubber in Brazil
260 ## - PUBLICATION, DISTRIBUTION, ETC. (IMPRINT)
Name of publisher Indian Journal of Natural Rubber Research
Year of publication 1991
300 ## - PHYSICAL DESCRIPTION
Number of Pages 83-90
520 ## - SUMMARY, ETC.
Summary, etc South American leaf blight (SALB), caused by Microcyclus ulei, remains a problem of overriding importance of rubber (Hevea brasiliensis) cultivation in Brazil. The disease is widely distributed and is responsible for poor latex yield. Research on this disease is concentrated on epidemiology, development of resistance, disease avoidance mechanisms and chemical control.
650 ## - SUBJECT ADDED ENTRY--TOPICAL TERM
Topical Term Brazil
650 ## - SUBJECT ADDED ENTRY--TOPICAL TERM
Topical Term Hevea brasiliensis
650 ## - SUBJECT ADDED ENTRY--TOPICAL TERM
Topical Term Microcyclus ulei
650 ## - SUBJECT ADDED ENTRY--TOPICAL TERM
Topical Term South American Leaf Blight
700 ## - ADDED ENTRY--PERSONAL NAME
Personal name Lima M I P M
942 ## - ADDED ENTRY ELEMENTS (KOHA)
Koha item type Journals
Holdings
Withdrawn status Lost status Damaged status Not for loan Home library Current library Date acquired Serial Enumeration / chronology Koha item type
      Journals RRII Library RRII Library 17/12/2021 Volume 4, Issue 2 Journals